• 首页
  • 本馆介绍
  • 公告通知
  • 最新文献
  • 馆藏检索
  • 电子资源
  • 读者导购
  • 参考咨询
  • 我的图书馆
  • 登录
  • 详细信息显示
  • 放入我的书架
  • 预约/预借图书
  • 作者相关作品
  • 分类相关作品
  • 丛书相关作品
  • 出版社相关作品

书目信息

  • 表格格式
  • 工作单格式
  • 卡片格式
题名:
剑桥欧洲经济史
    
 
作者: Rich , 威尔逊 , Wilson , 里奇 主编 ;高德步 译
分册: 第五卷   近代早期的欧洲经济组织
出版信息: 北京   经济科学出版社  2002
页数: 11,780页
开本: 25cm
丛书名:
单 册:
中图分类: F150.9
科图分类:
主题词: 经济史--欧洲 , 经济组织--欧洲--近代 , CT--S040571--经济组织 , CT--S040511--经济史
电子资源:
ISBN: 7-5058-2889-4
000 01363nam0 2200349 450
001 002201598
005 20070804111146.04
010    @a7-5058-2889-4@dCNY102.00
100    @a20021203d2002 emky0chiy0110 ea
101 1  @achi@ceng
102    @aCN@b110000
105    @ay igz 001yy
200 1  @a剑桥欧洲经济史@9jian qiao ou zhou jing ji shi@h第五卷@i近代早期的欧洲经济组织@f[英]E.E.里奇(E.E.Rich),[英]C.H.威尔逊(C.H.Wilson)主编@g高德步等译
210    @a北京@c经济科学出版社@d2002
215    @a11,780页@d25cm
300    @a“十五”国家重点图书
305    @a据剑桥大学出版社1977年第一版,1977年第一次印刷本译出
330    @a本卷重点介绍了农业和制造业的生产体制,商业销售和交换的运转机制,货币、信贷、银行业和各类繁多而复杂的支付形式的构成,以及近代经济的某些社会特征。
510 1  @aThe Cambridge Economic History of Europe@hVolume 5@iThe Economic Organization and of Early Modern Europe@zeng
513 1  @a剑桥经济史@9jian qiao jing ji shi
606 0  @a经济史@y欧洲
606 0  @a经济组织@y欧洲@z近代
606 0  @2CT@3S040571@a经济组织
606 0  @2CT@3S040511@a经济史
690    @aF150.9@v4
701  1 @aRich@bE.E.@4主编
701  1 @a威尔逊@9wei er xun@bC.H.@4主编
701  1 @aWilson@bC.H.@4主编
701  1 @a里奇@9li qi@bE.E.@4主编
702  0 @a高德步@9gao de bu@4译
801  0 @aCN@bNLC@c20070804
905    @a10447@dF150.9@e152:5
    
    剑桥欧洲经济史.第五卷.近代早期的欧洲经济组织/[英]E.E.里奇(E.E.Rich),[英]C.H.威尔逊(C.H.Wilson)主编/高德步等译.-北京:经济科学出版社,2002
    11,780页;25cm
    “十五”国家重点图书
    
    ISBN 7-5058-2889-4:CNY102.00
    本卷重点介绍了农业和制造业的生产体制,商业销售和交换的运转机制,货币、信贷、银行业和各类繁多而复杂的支付形式的构成,以及近代经济的某些社会特征。
●
相关链接 在E读中查询图书 在五车中查询图书 在当当中查询图书 在豆瓣中查询图书


正题名:剑桥欧洲经济史     索取号:F150.9/152:5         预约/预借

序号 登录号 条形码 馆藏地/架位号 状态 备注
1 0804110   208041108   第一样本阅览室/ [索取号:F150.9/152:5] 在馆    
2 0809311   208093114   第一借阅区/ [索取号:F150.9/152:5] 在馆    
3 0809312   208093123   第一借阅区/ [索取号:F150.9/152:5] 在馆    
唐山师范学院图书馆 欢迎您!
大连网信软件有限公司© 版权所有